000 00403nam a22001577a 4500
003 MPLRDC
005 20220104153940.0
008 210129b ||||| |||| 00| 0 eng d
082 _a621.73 ZQM v.1 c.2
100 _a左丘明撰
245 _a左传句解. 上册
_c
260 _a
_b香港广智书局
_c
300 _b
650 _a中国断代史--春秋左传
942 _cBK
_o621.73 ZQM v.1 c.2
999 _c53710
_d53700